01977nam a22002177a 4500008004100000020001500041050002200056100002800078240007400106245009500180250001800275260004000293300002500333336001000358337001400368338001200382504003800394505121700432650006701649700004301716140530t19962000mx ||||| |||| 00| 0 spa d a9684267118 aRC4806 bS54 19961 aSlaikeu, Karl A.eautor aCrisis intervention. A Handbook for practice and research lespañol1 aIntervención en crisisb : Manual para prácticas e investigaciónc / Karl A. Slaikeu a2a. edición aMéxicob : Manual Modernoc, 1996 axviii, 575 páginas atexto asin medio avolumen aIncluye: referencias (pp.501-548) aConsideraciones teóricas Introducción Teoría de la crisis: estructura general Crisis vitales durante el desarrollo Crisis circustanciales en la vida Estrategias de intervención Un modelo amplio para la intervención en crisis Intervención de primera instancia: primeros auxilios psicológicos Primeros auxilios psicológicos: ejemplos de casos Intervención de segunda instancia: terapia multinodal para crisis Terapia multinodal para crisis: ejemplos de casos Sistemas de otorgamiento de servicios Intervención en crisis a cargo de clero Intervención en crisis a cargo de abogados y asesores legales Intervención en crisis a cargo de la policia Intervención en crisis a cargo de enfermeras y otros profesionales de la salud Intervención en crisis en salas de urgencia de hospitales Intervenciones en crisis para individuos con enfermedad mental grave y persistente Intervención en crisis por teléfono Intervención en crisis en las escuelas Intervención en crisis en el trabajo/ en la oficina Entrenamiento e investigación Entrenamiento I.Primeros auxilios psicológicos Entrenamiento II.Terapia para crisis Un modelo para la investigación sobre intervención en crisis 10aINTERVENCIÓN EN CRISIS (SERVICIOS DE SALUD MENTAL)vMANUALES aChávez Mejía, Maricelaetraductora